3.Liga Teams 2024/2025 - Statistics

General Stats
  • This quiz has been taken 23 times
  • The average score is 7 of 20
Answer Stats
Hint Answer % Correct
Est:1953 Dynamo Dresden
75%
Est:1904 Viktoria Koln
63%
Est:1907 Essen
56%
Est:2004 Ingolstadt
56%
Est:1954 Hansa Rostock
50%
Est:1903 Saarbrucken
50%
Est:1963 Energie Cottbus
44%
Est:1925 SpVgg Unterhaching
44%
Est:1900 Alemannia Aachen
38%
Est:1860 1860 Munich
31%
Est:1905 Arminia
31%
Est:1916 Sandhausen
31%
Est:1959 Stuttgart II
31%
Est:1899 Vfl Osnabruck
31%
Est:1957 Borussia Dortmund II
25%
Est:1945 Erzgebirge Aue
25%
Est::1959 Hannover II
25%
Est:1907 Waldhof Mannheim
19%
Est:1924 SC Vern
6%
Est:1926 Wehen Wiedbaden
6%
No matching quizzes found
Score Distribution
Percent of People with Each Score
Percentile by Number Answered
Your Score History
You have not taken this quiz